| 000 | 01184nam a22002775i 4500 | ||
|---|---|---|---|
| 001 | 176998 | ||
| 003 | ES-MaACL | ||
| 005 | 20230906220229.0 | ||
| 008 | 110223s1965 be |||| | por d | ||
| 080 | _a27-726.3(81) | ||
| 100 | 1 |
_aPérez Ramírez, Gustavo. _9145314 |
|
| 245 | 1 | 2 |
_aO problema sacerdotal no Brasil / _cGustavo Pérez, Alfonso Gregory e François Lepargneur ; traduçao dos textos en espanhol e francês e revisao do texto en português por María Helena Montezuma Pohle. |
| 260 |
_aBruselas : _b[Oficina Internacional de Investigaciones Sociales de] Feres, _c1965. |
||
| 300 |
_a205 p. , [7] h. pleg. ; _c22 cm. |
||
| 490 | 1 |
_aEstudos socio-religiosos latino-americanos ; _v17 |
|
| 504 | _aBibliografía: p. 161-163. | ||
| 546 | _aTexto en portugués. | ||
| 650 | 4 |
_aSacerdotes- _zBrasil. _9145343 |
|
| 700 | 1 |
_aGregory, Alfonso. _959914 |
|
| 700 | 1 |
_aLepargneur, François. _9145342 |
|
| 700 | 1 |
_aPohle, María Helena. _9145344 |
|
| 710 | 2 |
_aOficina Internacional de Investigaciones Sociales. _9172476 |
|
| 830 | 1 |
_aEstudos socio-religiosos latino-americanos ; _v17 _9224121 |
|
| 852 |
_aES-MaACL _jE-14414 _xOlim P-1014-bis |
||
| 999 |
_c176998 _d176998 |
||